|
|
|
|
| LEADER |
00000nab a2200000ua 4500 |
| 001 |
vtls010825776 |
| 003 |
SK-MaSNL |
| 005 |
20260303120017.0 |
| 008 |
230127s2007 xo |||||||||||||||||slo| |
| 035 |
|
|
|a (urnnbn)urn:nbn:sk:snk:ar-a067hp
|
| 035 |
|
|
|a urn:nbn:sk:snk-ab5rzi
|
| 035 |
|
|
|a (uuid)74708eb0-2b93-4fd8-a623-29664fbf348d
|
| 040 |
|
|
|a SNKBUCL
|b slo
|c SNKBUCL
|e AACR2
|
| 041 |
0 |
|
|a slo
|
| 044 |
|
|
|a xo
|c SK
|
| 100 |
1 |
|
|a Kolarovszki, Branislav,
|d 1977-
|4 aut
|9 197439
|
| 245 |
1 |
0 |
|a VYUŽITIE TRANSKRANIÁLNEJ DOPPLEROVSKEJ SONOGRAFIE V MANAŽMENTE NOVORODENCOV A DOJČIAT S HYDROCEFALOM
|c Kolarovszki Branislav, Hana Kolarovszká, Július De Riggo, Katarína Maťašová, Lýdia Zubríková, Martin Benčo, Peter Ďurdík
|
| 700 |
1 |
|
|a Kolarovszká, Hana,
|d 1977-
|4 aut
|9 197441
|
| 700 |
1 |
|
|a De Riggo, Július
|4 aut
|9 845822
|
| 700 |
1 |
|
|a Maťašová, Katarína,
|d 1967-
|4 aut
|9 197435
|
| 700 |
1 |
|
|a Zubríková, Lýdia
|4 aut
|9 1130290
|
| 700 |
1 |
|
|a Benčo, Martin,
|d 1982-
|4 aut
|9 223873
|
| 700 |
1 |
|
|a Ďurdík, Peter
|4 aut
|9 361268
|
| 773 |
0 |
|
|t Pediatria
|g Roč. 2, č. 6 (2007), s. 325-328
|
| 954 |
|
|
|a odborná, vedecká literatúra pôvodná (slovenská)
|2 lita
|
| 958 |
|
|
|a OND
|
| 958 |
|
|
|a EUIPO
|
| 958 |
|
|
|a article5
|
| 999 |
|
|
|c 1907021
|d 1908951
|